000 00390nam a2200145Ia 4500
008 210716s2011 xx 000 0 und d
020 _a9781422172247
041 _aeng
082 _a338.04 HARV
245 _aHarvard business review succeeding as an entrepreneur.
250 _a1
260 _aBoston
_bHarvard Business School Press
_c2011
300 _a195
650 _aEntrepreneurship
999 _c206788
_d206788